1935年東京市の駅乗客数TOP50 - Statistics

General Stats
  • This quiz has been taken 308 times
  • The average score is 39 of 50
Answer Stats
順位 駅名 乗客数 % Correct
1 新宿 82031
100%
4 上野 45659
100%
2 東京 68950
99%
3 渋谷 64048
99%
22 品川 17346
98%
5 池袋 44118
96%
9 新橋 38826
96%
25 日暮里 15552
95%
7 神田 43334
94%
6 有楽町 43556
93%
10 目黒 38083
93%
19 中野 19962
93%
42 秋葉原 10692
93%
13 高田馬場 34157
92%
12 御茶ノ水 34365
91%
20 御徒町 19216
91%
14 田町 33141
90%
43 大崎 10638
90%
30 恵比寿 14308
89%
33 巣鴨 13815
88%
40 駒込 11145
88%
15 五反田 29869
87%
21 大塚 17559
87%
28 田端 14756
87%
31 四ツ谷 14299
86%
37 赤羽 12437
86%
18 飯田橋 22120
85%
29 目白 14585
85%
11 蒲田 35093
84%
32 浅草 14196
84%
17 水道橋 22684
82%
50 錦糸町 9177
82%
8 大井町 40091
81%
39 荻窪 11151
81%
16 大森 28063
80%
26 両国 15128
78%
35 鶯谷 13568
74%
23 高円寺 16448
72%
41 王子 11057
70%
49 信濃町 9190
67%
38 浅草橋 12041
66%
34 市ケ谷 13606
65%
24 亀戸 15758
63%
27 東中野 14915
62%
46 西荻窪 9947
60%
45 銀座 10049
56%
36 阿佐ケ谷 13265
47%
47 田園調布 9775
12%
44 武蔵小山 10272
6%
48 浅草雷門 9410
3%
No matching quizzes found
Score Distribution
Percent of People with Each Score
Percentile by Number Answered
Your Score History
You have not taken this quiz